LIBRARY & INFORMATION CENTRE, KCAET, TAVANUR

ONLINE PUBLIC ACCESS CATALOGUE (OPAC)

University algebra / (Record no. 9154)

MARC details
000 -LEADER
fixed length control field 00469cam a2200193ua 4500
041 ## - LANGUAGE CODE
Language code of text/sound track or separate title eng
082 ## - DEWEY DECIMAL CLASSIFICATION NUMBER
Classification number 512
Item number LIT/UN
100 ## - MAIN ENTRY--AUTHOR NAME
Personal name Littlewood, D.E .
245 ## - TITLE STATEMENT
Title University algebra /
250 ## - EDITION STATEMENT
Edition statement 2 /
260 ## - PUBLICATION, DISTRIBUTION, ETC. (IMPRINT)
Place of publication London :
Name of publisher The English Language book society ,
Year of publication 1958.
300 ## - PHYSICAL DESCRIPTION
Number of Pages 324 ; .
942 ## - ADDED ENTRY ELEMENTS (KOHA)
Koha item type Books
Holdings
Withdrawn status Lost status Damaged status Home library Current library Date acquired Full call number Accession Number Koha item type Public note
      KAUAET   07/04/2012 512 779 Books  
Withdrawn     KAUAET KAUAET 07/04/2012 512 821 Books Deleted
free website counter